Công tác xã hội Tập bài giảng dùng cho sinh viên hệ cao đẳng chuyên ngành công tác xã hội
v.v..
Đã lưu trong:
| Tác giả chính: | |
|---|---|
| Định dạng: | Sách |
| Năm xuất bản: |
H.
Lao động xã hội
2001
|
| Chủ đề: | |
| Tags: |
Thêm thẻ
Không có thẻ, Hãy là người đầu tiên gắn thẻ bản ghi này!
|
| LEADER | 00881nam a2200169 4500 | ||
|---|---|---|---|
| 082 | |a 361.3071 |b NG527V | ||
| 100 | |a Nguyễn Văn Gia | ||
| 245 | |a Công tác xã hội |b Tập bài giảng dùng cho sinh viên hệ cao đẳng chuyên ngành công tác xã hội |c Nguyễn Văn Gia, Bùi Thị Xuân Mai | ||
| 260 | |a H. |b Lao động xã hội |c 2001 | ||
| 300 | |a 174 tr. |c 21 cm | ||
| 520 | |a v.v.. | ||
| 653 | |a Công tá xã hội | ||
| 653 | |a bài giảng | ||
| 942 | |2 ddc |c STK0 | ||
| 999 | |c 634 |d 634 | ||
| 952 | |0 0 |1 0 |2 ddc |4 0 |6 361_307100000000000_NG527V |7 1 |8 300 |9 29181 |a qbu |b qbu |c D2 |d 2014-12-11 |g 34000 |o 361.3071 NG527V |p 2126.c1 |r 0000-00-00 |w 2014-12-11 |y STK0 |0 0 |6 361_307100000000000_NG527V | ||
| 952 | |0 0 |1 0 |2 ddc |4 0 |6 361_307100000000000_NG527V |7 0 |8 300 |9 29182 |a qbu |b qbu |c D2 |d 2014-12-11 |g 34000 |l 1 |o 361.3071 NG527V |p 2126.c2 |r 2017-11-10 |s 2017-11-01 |w 2014-12-11 |y STK0 |0 0 |6 361_307100000000000_NG527V | ||